| 000 | 00823nam a2200205Ia 4500 | ||
|---|---|---|---|
| 003 | GCL | ||
| 008 | 140319s9999 xx 000 0 ara d | ||
| 040 |
_aGCL / _cGCL |
||
| 082 | 0 | 4 |
_a351 _bع ت |
| 100 | 1 | _aعجلان بن محمد الشهرى | |
| 245 | 1 | 0 |
_aالتقنيات المكتبية الحديثة والوظائف الادارية المعاونة فى الاجهزة الحكومية / _cعجلان بن محمد الشهرى |
| 260 |
_aالرياض : _bمركز البحوث والدراسات الادارية ، _c1999 |
||
| 300 |
_a209 ص ؛ _c24 سم |
||
| 490 | _a | ||
| 650 | 0 | 4 | _aادارة الافراد |
| 650 | 0 | 4 | _aتقييم الاداء |
| 650 | 0 | 4 | _aادارة الافراد - النماذج الاحصائية |
| 650 | 0 | 4 | _aالمكاتب - تنظيم وادارة |
| 942 |
_2ddc _cBK |
||
| 999 |
_c34615 _d34615 |
||